Research under martial law the tasks and risks of the filipino social scientists
Gardado en:
| Autor Principal: | |
|---|---|
| Formato: | Texto |
| Idioma: | Spanish |
| Publicado: |
Cartagena:
A.I.S.
|
| Etiquetas: |
Engadir etiqueta
Sen Etiquetas, Sexa o primeiro en etiquetar este rexistro!
|
MARC
| LEADER | 00000 a a2200000 04500 | ||
|---|---|---|---|
| 001 | 16710 | ||
| 003 | cru CIDCACS/IIS | ||
| 005 | 20231207094138.0 | ||
| 008 | 231206b |||||||| |||| 00| 0 spa d | ||
| 040 | |c cru CIDCACS/IIS | ||
| 090 | |a 05.01.02 C277r | ||
| 100 | |a Cariño, Ledivina V | ||
| 245 | |a Research under martial law the tasks and risks of the filipino social scientists | ||
| 260 | |a Cartagena: |b A.I.S. | ||
| 300 | |a 35 p. | ||
| 942 | |2 z |c LITG |h 05.01.02 C277r |i 09045 |6 050102_C277R_09045 | ||
| 999 | |c 13230 |d 13230 | ||
